000 01882nam a22003017a 4500
005 20130924152129.0
010 _aENG-104708
020 _a9781259003936
_c395.00
020 _a1259003930
_c395.00 425.00( BPPD)
035 _aEN-88241
035 _aB-492056-057
037 _bDBAD/PUB
037 _bVirtuous Pub/Ven
082 0 0 _a005.446
_223
100 1 _aMatthews, Marty
245 1 0 _aWindows 7 SP1 quicksteps /
_cby Marty Matthews
260 _aNew Delhi
_bTata McGraw-Hill
_c2011
270 _a7 West Patel Nagar
_bNew Delhi
_e110001
300 _axviii,269p. :
_bill.
_c21cm(pbk)
490 1 _aQuick steps
500 _aIncludes index.
520 _a"This full-color, visual guide to Windows 7 is the fastest, easiest way to get up and running on the latest version of Windows.Windows 7 SP1 QuickSteps is filled with color screenshots and step-by-step instructions to help you get started on Windows 7 Service Pack 1. Learn how to customize the interface, manage files and programs, connect to the Internet, set up and use email, establish a network, control security, and enjoy movies and music. The book covers the essentials up to more advanced features of Windows 7. Windows 7 SP1 QuickSteps Covers all that's new in Windows 7 Service Pack 1 Includes details on Internet Explorer 9, Windows Live Mail 2011, and Windows Live Essentials Features full-color graphics along with step-by-step tutorials High production value, loads of information, and an low price make this book the best value on the market"--
650 0 _aOperating systems (Computers)
830 0 _aQuickSteps.
_939084
942 _2ddc
_cEN
_h005.446
_mMAT
999 _c60796
_d60796